000 00447pab a2200169 454500
008 180718b1987 xxu||||| |||| 00| 0 eng d
100 _aDatta, Abhijit
245 _aConstitutional status of local government in India
260 _c1987
300 _ap.309-317.
362 _aApr-Jun
650 _aLocal government - India
650 _aLocal government
773 _aIndian Journal of Public Administration
908 _aN
909 _a12742
999 _c12742
_d12742